| 000 | 01220cam a22002655a 4500 | ||
|---|---|---|---|
| 999 |
_c121219 _d121219 |
||
| 001 | K121219 | ||
| 008 | 130411s2019 xxk f 000 0 eng d | ||
| 020 | _a9780198833253 | ||
| 035 | _a(Sirsi) u157728 | ||
| 041 | 0 | _aeng | |
| 100 | 1 | _aBowes, Ashley | |
| 245 | 0 | 2 | _aA Practical Approach to Planning Law |
| 250 | _a14th ed | ||
| 260 |
_aOxford _bOxford University _c2019 |
||
| 300 | _alxv, 708p, 25cm | ||
| 520 | _aProvides a comprehensive and systematic account of the principles and practice of planning law, giving details of each stage of the planning process, from permission applications through to disputes and appeals. Contains coverage of recent cases and important legislative developments including Self-Build and Custom Housebuilding Act 2015, Housing and Planning Act 2016 and Neighbourhood Planning Act 2017 and a new revised National Planning Policy Framework amended in 2019.. . | ||
| 650 | _aHousing and Planning Act 2016 | ||
| 650 | _aSelf-Build and Custom Housebuilding Act 2015 | ||
| 650 | _aNeighbourhood Planning Act 2017 | ||
| 650 | _aNatoinal Planning Policy Framework | ||
| 651 | 4 | _aENGLAND AND WALES | |
| 690 |
_96259 _aPlanning and development |
||
| 856 | 4 | 0 |
_z _u |
| 942 | _n0 | ||